<?xml version="1.0" encoding="UTF-8"?>
<record
    xmlns:xsi="http://www.w3.org/2001/XMLSchema-instance"
    xsi:schemaLocation="http://www.loc.gov/MARC21/slim http://www.loc.gov/standards/marcxml/schema/MARC21slim.xsd"
    xmlns="http://www.loc.gov/MARC21/slim">

  <leader>00837nam a2200205 a 4500</leader>
  <controlfield tag="001">000040804</controlfield>
  <controlfield tag="005">20201002034406.0</controlfield>
  <controlfield tag="008">130906s2011    sp a          000 0 spa d</controlfield>
  <datafield tag="020" ind1=" " ind2=" ">
    <subfield code="a">9788446011767</subfield>
  </datafield>
  <datafield tag="040" ind1=" " ind2=" ">
    <subfield code="a">DO-SdBNP</subfield>
  </datafield>
  <datafield tag="100" ind1="1" ind2=" ">
    <subfield code="a">Arnheim, Rudolf</subfield>
    <subfield code="d">1904-2007.</subfield>
    <subfield code="9">67224</subfield>
  </datafield>
  <datafield tag="245" ind1="1" ind2="3">
    <subfield code="a">El poder del centro :</subfield>
    <subfield code="b">viersi&#xF3;n definitiva, estudio sobre la composici&#xF3;n en las artes visuales / Rudolf Arnheim ; versi&#xF3;n espa&#xF1;ola de Remigio G&#xF3;mez D&#xED;az. /</subfield>
    <subfield code="c">Rudolf Arnheim ; versi&#xF3;n espa&#xF1;ola de Remigio G&#xF3;mez D&#xED;az.</subfield>
  </datafield>
  <datafield tag="260" ind1=" " ind2=" ">
    <subfield code="a">Madrid :</subfield>
    <subfield code="b">Akal Arte Est&#xE9;tica,</subfield>
    <subfield code="c">2011.</subfield>
  </datafield>
  <datafield tag="300" ind1=" " ind2=" ">
    <subfield code="a">250 p. :</subfield>
    <subfield code="b">il. ;</subfield>
    <subfield code="c">23 cm.</subfield>
  </datafield>
  <datafield tag="490" ind1="1" ind2=" ">
    <subfield code="a">Akal Arte Est&#xE9;tica</subfield>
    <subfield code="v">58</subfield>
  </datafield>
  <datafield tag="504" ind1=" " ind2=" ">
    <subfield code="a">Incluye bibliograf&#xED;a e &#xED;ndice.</subfield>
  </datafield>
  <datafield tag="700" ind1="1" ind2=" ">
    <subfield code="a">G&#xF3;mez D&#xED;az, Remigio,</subfield>
    <subfield code="e">tr.</subfield>
    <subfield code="9">67202</subfield>
  </datafield>
  <datafield tag="700" ind1="1" ind2=" ">
    <subfield code="a">Alvaro Herr&#xE1;n-Biblioteca.</subfield>
    <subfield code="9">67225</subfield>
  </datafield>
  <datafield tag="830" ind1=" " ind2="0">
    <subfield code="a">Akal Arte Est&#xE9;tica,</subfield>
    <subfield code="v">58</subfield>
    <subfield code="9">67226</subfield>
  </datafield>
  <datafield tag="952" ind1=" " ind2=" ">
    <subfield code="0">0</subfield>
    <subfield code="1">0</subfield>
    <subfield code="5">0</subfield>
    <subfield code="7">1</subfield>
    <subfield code="8">MO</subfield>
    <subfield code="a">GR</subfield>
    <subfield code="b">GR</subfield>
    <subfield code="c">CT</subfield>
    <subfield code="d">2013-09-06</subfield>
    <subfield code="i">LF1</subfield>
    <subfield code="l">0</subfield>
    <subfield code="o"> </subfield>
    <subfield code="p">40804-10</subfield>
    <subfield code="r">2020-06-25</subfield>
    <subfield code="w">2020-06-25</subfield>
    <subfield code="y">1</subfield>
    <subfield code="Z">No se presta</subfield>
  </datafield>
  <datafield tag="999" ind1=" " ind2=" ">
    <subfield code="c">40294</subfield>
    <subfield code="d">40294</subfield>
  </datafield>
</record>
